Flood Emergencies. Workshop and Exercise within Partnerwork programme Oktober 1997 Bratislava, Gabčíkovo [prospectus]

Bibliographic Details
Corporate Author: Slovenská republika Ministerstvo vnútra (Author, vyd)
Other Authors: Jakab, Miroslav (Compiler)
Format: Book
Language:English
PhysicalDescription:1 skladačka ([10] s.) fareb. fotogr., mp. 21x10 cm
Published: [Bratislava] Ministry of Interior of Slovak Republic 1997
Subjects:

MARC

LEADER 00000nam a2200000 a 4500
001 vtls001292946
003 SK-MaSNL
005 20260426004327.0
008 160415s1997 xo b yy 0 eng
015 |a SNBE1998/03-01581 
035 |a SNK000244698 
040 |a SNK  |b slo  |c SNK  |e AACR2 
041 0 |a eng 
044 |a xo  |c SK 
080 |a 556.166(437.6):627.51(437.6):061.3(083.9)=20  |2 1981 
080 |a 627.51(437.6)  |2 1981 
110 0 |a Slovenská republika  |b Ministerstvo vnútra  |4 aut  |9 270225 
245 1 |a Flood Emergencies. Workshop and Exercise within Partnerwork programme Oktober 1997 Bratislava, Gabčíkovo  |b [prospectus]  |c zostavil Miroslav Jakab 
260 |a [Bratislava]  |b Ministry of Interior of Slovak Republic  |c 1997 
300 |a 1 skladačka ([10] s.)  |b fareb. fotogr., mp.  |c 21x10 cm 
650 0 7 |a povodne  |2 SNK  |9 15273 
651 7 |a Bratislava (Slovensko)  |2 SNK  |9 14568 
651 7 |a 201  |2 SNK  |9 294639 
655 7 |a informačné publikácie  |2 SNK  |9 70181 
700 1 |a Jakab, Miroslav  |4 com  |9 631775 
710 0 |a Slovenská republika  |b Ministerstvo vnútra  |4 vyd  |9 270225 
958 |a TL 
999 |c 972949  |d 974879 
952 |t P60, <03>, [BOOK], {603}  |a SNK  |b SNK  |y PREZ  |7 0  |p 17A0075855  |o snkOSC 19046  |i snkKSP 7137/97  |0 0  |1 0  |4 0  |d 1997-07-03  |l 0  |r 2005-01-02 00:00:00  |w 2026-02-24 
952 |t P60, <04>, [BOOK], {604}  |a SNK  |b SNK  |y VYP  |7 0  |p 17A0078390  |o snkOSC 19046 D1  |i snkKSP 7309/97  |0 0  |1 0  |4 0  |d 1997-07-07  |l 0  |r 2005-01-02 00:00:00  |w 2026-02-24